African american philosophers and philosophy (Record no. 781118)

MARC details
000 -LEADER
fixed length control field 00903nam a2200265Ia 4500
003 - CONTROL NUMBER IDENTIFIER
control field OSt
005 - DATE AND TIME OF LATEST TRANSACTION
control field 20220928125141.0
008 - FIXED-LENGTH DATA ELEMENTS--GENERAL INFORMATION
fixed length control field 220927b |||||||| |||| 00| 0 eng d
037 ## - SOURCE OF ACQUISITION
Terms of availability Textual
040 ## - CATALOGING SOURCE
Original cataloging agency SDCL
Transcribing agency SDCL
Language of cataloging eng
041 ## - LANGUAGE CODE
Source of code eng
Language code of text/sound track or separate title eng
100 ## - MAIN ENTRY--PERSONAL NAME
Personal name McClendon III John H.
9 (RLIN) 468261
245 #0 - TITLE STATEMENT
Title African american philosophers and philosophy
Remainder of title An introduction to the history, concepts, and contemporary issues
260 ## - PUBLICATION, DISTRIBUTION, ETC.
Place of publication, distribution, etc. New Delhi
Name of publisher, distributor, etc. Bloomsbury Academic
Date of publication, distribution, etc. 2019
300 ## - PHYSICAL DESCRIPTION
Extent xvii,280p.
Dimensions cm.
650 ## - SUBJECT ADDED ENTRY--TOPICAL TERM
Topical term or geographic name entry element Philosophy
700 ## - ADDED ENTRY--PERSONAL NAME
Personal name Ferguson II Stephen C.
9 (RLIN) 468262
942 ## - ADDED ENTRY ELEMENTS (KOHA)
Classification part R873, Q9
Koha item type Textual
Source of classification or shelving scheme Colon Classification (CC)
Holdings
Withdrawn status Lost status Damaged status Not for loan Home library Current library Date acquired Source of acquisition Total Checkouts Full call number Barcode Date last seen Price effective from Koha item type
        South Campus Library South Campus Library 2022-09-28 010, 06/12/2019, Classic Book Service   R873 Q9 SC1622258 2022-09-28 2022-09-28 Textual
Copyright @ Delhi University Library System